Fiber optics through experiments (Record no. 6483)

MARC details
000 -LEADER
fixed length control field 00641 a2200241 4500
001 - CONTROL NUMBER
control field 132098
003 - CONTROL NUMBER IDENTIFIER
control field OSt
005 - DATE AND TIME OF LATEST TRANSACTION
control field 20220111113109.0
008 - FIXED-LENGTH DATA ELEMENTS--GENERAL INFORMATION
fixed length control field
082 ## - DEWEY DECIMAL CLASSIFICATION NUMBER
Classification number 621.3692078
Item number F44F
245 1# - TITLE STATEMENT
Title Fiber optics through experiments
Statement of responsibility, etc edited by M. R. Shenoy...[et. al.]
250 ## - EDITION STATEMENT
Edition statement 3rd ed.
260 ## - PUBLICATION, DISTRIBUTION, ETC. (IMPRINT)
Place of publication, distribution, etc New Delhi
Name of publisher, distributor, etc Viva Books
Date of publication, distribution, etc 2011
300 ## - PHYSICAL DESCRIPTION
Extent 223p.
653 ## - INDEX TERM--UNCONTROLLED
Uncontrolled term Physics
653 ## - INDEX TERM--UNCONTROLLED
Uncontrolled term Fiber optics
653 ## - INDEX TERM--UNCONTROLLED
Uncontrolled term Experiments
700 ## - ADDED ENTRY--PERSONAL NAME
Personal name Shenoy, M R
Relator term Editor
700 ## - ADDED ENTRY--PERSONAL NAME
Personal name Khijwania, Sunil K
Relator term Editor
700 ## - ADDED ENTRY--PERSONAL NAME
Personal name Ghatak, Ajoy
Relator term Editor
700 ## - ADDED ENTRY--PERSONAL NAME
Personal name Pal, Bishnu P.
Relator term Editor
942 ## - ADDED ENTRY ELEMENTS (KOHA)
Source of classification or shelving scheme Dewey Decimal Classification
Koha item type Books
Holdings
Withdrawn status Lost status Damaged status Not for loan Collection code Home library Current library Date acquired Source of acquisition Full call number Barcode Date last seen Price effective from Koha item type Total Checkouts Date checked out Source of classification or shelving scheme Cost, normal purchase price
        General Text Book Central University Of Rajasthan Central University Of Rajasthan 19/01/2016 PHY 621.3692078 F44F 25456 21/11/2024 02/09/2020 Books        
        General Text Book Central University Of Rajasthan Central University Of Rajasthan 19/01/2016 PHY 621.3692078 F44F 25454 02/09/2020 02/09/2020 Books        
        General Text Book Central University Of Rajasthan Central University Of Rajasthan 19/01/2016 PHY 621.3692078 F44F 25455 21/11/2024 02/09/2020 Books 1 24/03/2022    
        General Text Book Central University Of Rajasthan Central University Of Rajasthan 08/06/2012 PHY 621.3692078 F44F 8879 21/11/2024 02/09/2020 Books     Dewey Decimal Classification 350.00
          Central University Of Rajasthan Central University Of Rajasthan 16/01/2013   621.3692078 F44F 11752 21/11/2024 02/09/2020 Books 1 24/03/2022   0.00